| 000 | 01125nam0a2200277 4500 | ||
|---|---|---|---|
| 001 | RU\NLR\BIBL_A\012903253 | ||
| 005 | 20250627115130.0 | ||
| 035 | _a(NLR Aleph) 012903253 | ||
| 090 |
_a13311934 _c13311934 |
||
| 100 | _a20221005d1958 |||y0rusy50 ca | ||
| 101 | 0 | _aaze | |
| 102 | _aAZ | ||
| 105 | _ay z 000 y | ||
| 181 | 0 |
_ai _baxxe |
|
| 182 | 0 | _an | |
| 200 | 1 |
_aНахчыванда совет һакимиjjәтинин гәләбәси вә Нахчыван МССР-нин тәшкили _fГараш Мәдәтов |
|
| 203 |
_aТекст _bвизуальный _cнепосредственный |
||
| 210 |
_aБакы _cАзәрнәшр _d1958 |
||
| 215 |
_a163, [1] с. _d20 |
||
| 541 | 1 |
_6z01790 _aПобеда Советской власти в Нахичевани и образование Нахичеванской АССР _zrus |
|
| 700 | 1 |
_aМәдәтов _bГ. _gГараш _4070 |
|
| 790 | 1 |
_4070 _7ca _8rus _aМадатов _bГ. А. оглы _f1928-1993 _gГараш Али оглы _9233597 _3RU\NLR\AUTH\770233653 |
|
| 852 |
_aNLR _bОНЛ _jАзерб./2-9466 |
||
| 942 | _cBOOK | ||
| 980 | _aNB | ||